Reguly dlugoterminowego finansowania przedsiebiorstw.

Úverové banky delia klientov na tri základné skupiny: na podniky s nízkym, strednym a vysokým stupňom rizika. Postup pri vydávaní cenných papierov. Jeho trh sa delí na trh obligácií a akcií. Povaha obligácie a jej úlohy. Akcie, ich druhy, význam a trh, čiže burza.

Saved in:
Bibliographic Details
Main Author: Dusza, M.
Format: Book Chapter
Language:Polish
Subjects:
Tags: Add Tag
No Tags, Be the first to tag this record!

MARC

LEADER 00000naa a2200000 4500
001 r010353
005 20221125122612.1
041 0 |a pol 
044 |a PL 
245 1 0 |a Reguly dlugoterminowego finansowania przedsiebiorstw.  |c M. Dusza 
520 |a Úverové banky delia klientov na tri základné skupiny: na podniky s nízkym, strednym a vysokým stupňom rizika. Postup pri vydávaní cenných papierov. Jeho trh sa delí na trh obligácií a akcií. Povaha obligácie a jej úlohy. Akcie, ich druhy, význam a trh, čiže burza. 
610 2 0 |a úver bankový 
610 2 0 |a podnik 
610 2 0 |a riziko 
610 2 0 |a financovanie podnikov 
610 2 0 |a trh kapitálový 
610 2 0 |a obligácie 
610 2 0 |a akcie 
610 2 0 |a burzy 
610 2 0 |a PR 
100 1 |a Dusza, M.